Statistics for Second Biggest Cities Quiz

Click here to take the quiz!

General Stats

  • This quiz has been taken 30,311 times
    (22,516 since last reset)
  • The average score is 18 of 32

Answer Stats

Country 2nd City % Correct
United StatesLos Angeles
94%
SpainBarcelona
91%
BrazilRio de Janeiro
91%
RussiaSaint Petersburg
89%
AustraliaMelbourne
83%
Italy (city proper)Milan
82%
TurkeyAnkara
80%
South Africa (urban area)Cape Town
78%
CanadaMontreal
77%
EgyptAlexandria
73%
Japan (urban area)Osaka
73%
United Kingdom (urban area)Birmingham
72%
Italy (urban area)Naples
70%
France (metro area)Lyon
66%
France (city proper)Marseille
66%
PortugalPorto
61%
South Africa (city proper)Johannesburg
58%
IrelandCork
53%
Belgium (urban area)Antwerp
51%
Mexico (urban area)Guadalajara
48%
SwedenGothenburg
46%
ColombiaMedellĂ­n
43%
United Kingdom (city proper)Leeds
41%
PakistanLahore
41%
NorwayBergen
41%
GreeceThessaloniki
38%
Japan (city proper)Yokohama
27%
KenyaMombasa
23%
Belgium (city proper)Ghent
21%
Bolivia (urban area)Santa Cruz
10%
Mexico (city proper)Ecatepec
4%
Bolivia (city proper)El Alto
3%

Score Distribution

Percentile by Number Answered

Percent of People with Each Score

Your Score History

You have not taken this quiz since the last reset